000 01228nam a22002297a 4500
999 _c57771
_d57771
003 Ge_BSU
005 20201112131730.0
008 201112s2020 ge ||||| |||| 00| 0 geo d
020 _a9789941969874
041 _ageo
080 _a347.9 კ-25
100 _aკაჟაშვილი, გულიკო
_99737
245 _aსაპროცესო უზრუნველყოფა, როგორც აღსრულებადი გადაწყვეტილების მიღების წინაპირობა /
_cავტ. გულიკო კაჟაშვილი. რედ. ზურაბ ძლიერიშვილი.
264 _aთბილისი :
_bიურისტის სამყარო,
_c2020.
300 _a248 გვ.
_b20 სმ.
504 _aბიბლიოგრ. გვ. 228-244
653 _aსამართალი
653 _aსაპროცესო უზრუნველყოფა
700 _aძლიერიშვილი, ზურაბ
_eრედაქტორი
_98152
856 _uhttps://glip.ge/wp-content/uploads/2020/01/Guliko_Kazhashvili.pdf
_yსრული ტექსტი
942 _2udc
_cBK